01391nam a2200361Ia 4500001001200000003000800012006001900020007001500039008004100054010001700095020001500112020001800127020002200145020002500167040002100192035002100213050002500234100002400259245010900283260005100392300004400443490002000487504006400507533015200571650002300723650001900746655002900765700004900794700002400843710001700867830001900884856012600903ebr10354427CaPaEBRm u cr cn|||||||||070502s2007 iauab sb s001 0 eng d z 2006932734 z1587295326 z9781587295324 z1587295334 (pbk.) z9781587295331 (pbk.) aCaPaEBRcCaPaEBR a(OCoLC)29711791914aQL551.I8bS35 2007eb1 aSchlicht, Dennis W.14aThe butterflies of Iowah[electronic resource] /cDennis W. Schlicht, John C. Downey, Jeffrey C. Nekola. aIowa City :bUniversity of Iowa Press,cc2007. axii, 233 p. :bchiefly col. ill., maps.1 aA Bur Oak guide aIncludes blbliographical references (p. 223-229) and index. aElectronic reproduction.bPalo Alto, Calif. :cebrary,d2011.nAvailable via World Wide Web.nAccess may be limited to ebrary affiliated libraries. 0aButterflieszIowa. 0aInsectszIowa. 7aElectronic books.2local1 aDowney, John C.q(John Charles),d1926-2005.1 aNekola, Jeffrey Cx.2 aebrary, Inc. 0aBur Oak guide.40uhttp://site.ebrary.com/lib/rucke/Doc?id=10354427zAn electronic book accessible through the World Wide Web; click to view